=LDR 00000nam 2200000 4500 =001 000186 =020 $9786235511139 =082 $635.000 =100 $$a Pertiwi Banyu Biru =245 $$a Pustaka Desa Jilid 3 /$c Pertiwi Banyu Biru =250 $Cetakan II =264 $Yogyakarta: New Vita Pustaka 2024 =300 $70 Halaman; 14 x 21 Cm =650 $Hortikultura =905 $635 PER p/III =336 $$a =337 $$a =338 $$a =005 20260702151432.0 =008 260702s2026\\\\\\\\\\\\\\\\\\\\\\\\\\\\\\\\\\\\\\\\\